000 00519nam a22001817a 4500
999 _c1886
_d1886
003 URS
005 20220114141907.0
008 190422s2000 ph a|||| |||| 00| 0 eng d
020 _a9718581383
040 _cURS
_beng
_drda
050 1 4 _aBF 698
_b.O549 2000
100 _aOmas-as, Roberta L.
245 1 3 _aYou and your personality
_cRoberta L. Omas-as
260 _aQuezon City:
_bGreat Books Trading,
_c[2000]
300 _avii, 78 pages
_bwith illustrations
_c26 cm
504 _aBibliography : pages 76
942 _cF
_2lcc